Every WWE Pay-Per-View (PPV) Main Eventer - Statistics

General Stats
  • This quiz has been taken 917 times
    544 since last reset
  • The average score is 105 of 196
Answer Stats
Main Events Last Main Evented Wrestler % Correct
68 2021 John Cena
98%
33 2024 Seth Rollins
96%
64 2018 Triple H
96%
36 2023 Brock Lesnar
95%
48 2023 Randy Orton
95%
51 2024 Roman Reigns
95%
65 2020 The Undertaker
95%
11 2007 Booker T
93%
32 2024 The Rock
93%
19 2005 Hollywood Hulk Hogan
92%
8 2024 Cody Rhodes
91%
27 2018 Kane
91%
17 2013 CM Punk
90%
23 2021 Edge
90%
40 2018 Shawn Michaels
90%
4 2019 Charlotte Flair
89%
1 2004 Ric Flair
89%
39 2022 Stone Cold Steve Austin
89%
21 2014 Batista
88%
1 1994 The Fake Undertaker
88%
14 2019 Dean Ambrose
86%
15 2021 Daniel Bryan
85%
11 2023 Drew McIntyre
85%
7 2023 Jey Uso
85%
7 2020 Rey Mysterio
85%
10 2018 The Miz
85%
4 2023 Jimmy Uso
84%
16 2010 Bret Hart
83%
15 2013 The Big Show
83%
14 2024 AJ Styles
82%
12 2020 Bray Wyatt
82%
4 1998 Owen Hart
82%
12 2022 Sheamus
82%
21 2012 Chris Jericho
81%
8 2021 Jeff Hardy
81%
13 2023 Kevin Owens
81%
19 2017 Kurt Angle
81%
1 2023 Dominik Mysterio
80%
5 2019 Becky Lynch
79%
2 2022 Big E
79%
3 2021 Kofi Kingston
79%
6 1989 Randy Savage
77%
8 2023 Sami Zayn
77%
5 1991 The Ultimate Warrior
77%
9 2005 Chris Benoit
76%
2 2014 Christian
76%
4 2014 Alberto Del Rio
75%
6 2018 Dolph Ziggler
75%
4 2005 Eddie Guerrero
75%
7 2023 Finn Balor
75%
2 2021 Sasha Banks
74%
6 2017 Shane McMahon
74%
4 1989 Andre the Giant
73%
9 2022 Bobby Lashley
73%
11 2003 Kevin Nash
73%
13 2007 Mick Foley
73%
2 2019 Ronda Rousey
73%
4 2000 Vince McMahon
73%
12 2020 Braun Strowman
72%
3 2014 Mark Henry
72%
11 2008 John Bradshaw Layfield
71%
1 2023 Damian Priest
70%
9 2020 Goldberg
70%
6 2013 Rob Van Dam
70%
1 2018 Nikki Bella
68%
1 1998 Road Dogg
67%
3 2005 Bubba Ray Dudley
66%
3 2005 D-Von Dudley
66%
1 2024 Rhea Ripley
66%
1 2019 Bayley
65%
2 1994 Roddy Piper
65%
1 2021 Bianca Belair
64%
1 2014 Luke Harper
64%
5 2011 R-Truth
64%
5 2013 Ryback
64%
4 1990 Ted DiBiase
64%
1 2009 Ted DiBiase Jr
64%
6 1995 Yokozuna
64%
4 2023 Shinsuke Nakamura
63%
1 2014 Erick Rowan
62%
2 2007 The Great Khali
62%
5 2010 Wade Barrett
62%
4 2011 John Morrison
60%
8 1997 Sid
60%
4 2021 Cesaro
59%
10 1999 The British Bulldog
58%
2 1991 The Big Boss Man
57%
7 2019 Samoa Joe
56%
2 1997 Goldust
55%
3 2020 Asuka
54%
1 1998 Billy Gunn
54%
1 2010 Heath Slater
54%
1 2020 Liv Morgan
54%
2 2000 Rikishi
54%
3 2023 Solo Sikoa
54%
2 2018 Rusev
53%
1 1991 Sgt. Slaughter
53%
2 2008 Umaga
53%
4 1995 Bam Bam Bigelow
52%
3 2017 Jinder Mahal
52%
2 1987 King Kong Bundy
52%
1 1985 Mr. T
52%
8 2020 Baron Corbin
51%
2 2006 Carlito
51%
1 2022 Logan Paul
51%
1 2024 Nia Jax
49%
1 2010 David Otunga
48%
2 1987 Paul Orndorff
48%
2 1993 Lex Luger
47%
1 2010 Justin Gabriel
45%
1 1995 Lawrence Taylor
45%
1 1988 The Red Rooster
45%
2 1990 Rick Rude
44%
1 2006 Test
44%
2 1997 Jim Neidhart
43%
1 1985 The Junkyard Dog
43%
3 1997 Vader
42%
2 2022 Austin Theory
41%
2 2006 Finlay
41%
1 2023 LA Knight
41%
1 2015 Sting
41%
1 2010 Darren Young
40%
4 2022 Matt Riddle
40%
1 1993 Rick Steiner
40%
1 1993 Scott Steiner
40%
1 1997 Faarooq
39%
2 1997 Hawk
39%
2 1997 Ken Shamrock
39%
1 2020 Natalya
39%
2 1997 Animal
38%
2 2006 Chris Masters
38%
1 1994 Jerry Lawler
38%
1 2006 Hardcore Holly
37%
1 2010 Michael Tarver
37%
1 2001 Rhyno
37%
1 2019 Ricochet
36%
1 2001 Diamond Dallas Page
35%
1 2020 Otis
35%
1 2005 Tommy Dreamer
35%
1 1996 Ahmed Johnson
34%
2 2020 Shayna Baszler
34%
1 2020 Aleister Black
33%
1 2019 Andrade
33%
2 2018 Bobby Roode
33%
1 1998 Savio Vega
33%
1 1995 King Mabel
32%
1 2019 Mustafa Ali
31%
2 1988 One Man Gang
31%
1 2005 The Sandman
31%
1 1991 Earthquake
30%
1 2022 Omos
30%
1 1989 Brutus Beefcake
29%
1 1998 Chainsaw Charlie
29%
1 2002 Paul Heyman
29%
1 1989 Arn Anderson
28%
1 1997 Brian Pillman
28%
1 1989 Marty Jannetty
28%
1 2004 Maven
28%
1 1990 Tito Santana
28%
1 1987 Butch Reed
27%
2 1989 Haku
27%
1 2023 JD McDonagh
27%
1 2019 Kairi Sane
27%
1 1995 Kama Mustafa
27%
1 1993 Crush
26%
1 2009 Mike Knox
26%
1 2004 Gene Snitsky
25%
1 1991 Irwin R. Schyster
25%
1 1990 Rick Martel
25%
1 1990 Paul Roma
24%
1 2020 Sarah Logan
24%
1 2018 Elias
23%
1 1988 Hillbilly Jim
23%
1 1991 Typhoon
23%
1 1989 Zeus
23%
1 1987 Don Muraco
22%
1 2020 Ruby Riott
22%
1 1991 Col. Mustafa
21%
1 1995 Tatanka
21%
1 2012 John Laurinaitis
20%
1 2006 Kenny
20%
1 1988 Koko B. Ware
20%
1 2019 Lacey Evans
20%
1 2022 Butch
19%
1 1991 General Adnan
19%
1 2006 Mikey
19%
1 2006 Mitch
19%
2 1990 Hercules
18%
1 2006 Johnny
18%
1 1990 The Warlord
17%
1 1989 Bobby Heenan
16%
1 2022 Ridge Holland
16%
1 1987 Ken Patera
15%
1 1993 Ludvig Borga
15%
1 1993 Jacques Rougeau
13%
1 2022 Madcap Moss
12%
No matching quizzes found
Score Distribution
Percent of People with Each Score
Percentile by Number Answered
Your Score History
You have not taken this quiz since the last reset